00836cam a22002171 450000100100000000500170001000800410002704000230006804100090009105000170010008200150011710000500013224501170018226000540029930000280035365000290038170000500041091000280046095201130048899900170060100001746620200929165125.0771006s1951 sp a 000 0 spa  aDO-SdBNPcViUdDLC aBNGR00aGR360.G8bA6 axxxbA473l2 aÁlvarez García, Heriberto Ramón.93818510aLeyendas y mitos de Guinea. /cHeriberto Ramón Álvarez García, prólogo por Antonio de la Nuez Caballero. aMadrid :bInstituto de Estudios Africanos,c1951. a272 p. :bil. ;c24 cm. 0aFolklorezGuinea.9381861 aNuez Caballero, Antonio de laepról.938187 aCatalogación derivada 001050728MOaGRbGRcBDd2010-03-24iLF1l0oxxx A473lp17466-10r2020-06-25w2020-06-25y1ZNo se presta c16991d16991